LEADER 00970nam a22002651i 4500 001 991004136459707536 005 20031005081502.0 008 031111s1972 xxua||||||||||||||||eng 020 $a0674803965 035 $ab12528110-39ule_inst 035 $aARCHE-056138$9ExL 040 $aDip.to Lingue$bita$cA.t.i. Arché s.c.r.l. Pandora Sicilia s.r.l. 082 04$a822.33 100 1 $aRose, Mark$0450218 245 10$aShakespearean design /$cMark Rose 260 $aCambridge :$bBelknap Press of Harvard University Press,$c1972 300 $axi, 190 p. :$bill. ;$c22 cm 600 14$aShakespeare, William$d(1564-1616)$xTragedie 650 4$aTeatro$xScenografia 907 $a.b12528110$b02-04-14$c13-11-03 912 $a991004136459707536 945 $aLE012 SH 105$g1$i2012000241299$lle012$o-$pE0.00$q-$rl$s- $t0$u0$v0$w0$x0$y.i12970712$z13-11-03 996 $aShakespearean design$9173330 997 $aUNISALENTO 998 $ale012$b13-11-03$cm$da $e-$feng$gxxu$h0$i1 LEADER 02243oam 2200685I 450 001 9910777593303321 005 20230617000130.0 010 $a1-134-37614-6 010 $a1-134-37615-4 010 $a0-203-56341-7 010 $a0-415-31545-X 010 $a1-280-05472-7 024 7 $a10.4324/9780203563410 035 $a(CKB)1000000000447983 035 $a(SSID)ssj0000287814 035 $a(PQKBManifestationID)11192851 035 $a(PQKBTitleCode)TC0000287814 035 $a(PQKBWorkID)10372515 035 $a(PQKB)11595172 035 $a(MiAaPQ)EBC200382 035 $a(Au-PeEL)EBL200382 035 $a(CaPaEBR)ebr10098747 035 $a(CaONFJC)MIL5472 035 $a(OCoLC)299570310 035 $a(OCoLC)56550712 035 $a(EXLCZ)991000000000447983 100 $a20121220d2004 uy 0 101 0 $aeng 135 $aurcn||||||||| 181 $ctxt 182 $cc 183 $acr 200 10$aAcademic nations in China and Japan $eframed in concepts of nature, culture and the universal /$fMargaret Sleeboom 210 1$aLondon ;$aNew York :$cRoutledgeCurzon,$d2004. 215 $axvi, 220 p 225 1 $aNissan Institute/RoutledgeCurzon Japanese studies series 300 $aBibliographic Level Mode of Issuance: Monograph 311 $a0-415-86449-6 311 $a0-203-34824-9 320 $aIncludes bibliographical references (p. [175]-213) and index. 327 $apt. 1. Framing the nation -- pt. 2. Group categorization -- pt. 3. Group-framing habits and strategies. 410 0$aNissan Institute/Routledge Japanese studies series. 606 $aNational characteristics, Chinese 606 $aNational characteristics, Japanese 606 $aNationalism$zChina 606 $aNationalism$zJapan 615 0$aNational characteristics, Chinese. 615 0$aNational characteristics, Japanese. 615 0$aNationalism 615 0$aNationalism 676 $a951/.007 686 $a89.22$2bcl 700 $aSleeboom-Faulkner$b Margaret$f1961-$0784516 801 0$bMiAaPQ 801 1$bMiAaPQ 801 2$bMiAaPQ 906 $aBOOK 912 $a9910777593303321 996 $aAcademic nations in China and Japan$91744420 997 $aUNINA